000
00218nam a22000857a 4500
008
161202b xxu||||| |||| 00| 0 eng d
100
_9
1781
_a
Singh. R
245
_a
Computer world
260
_a
New delhi
_b
Arya publication
_c
2006
999
_c
4489
_d
4489